000 00903nam0a22002531 4500
001 rc\325172
005 20250621035415.0
035 _a(NLR Aleph) 005559115
090 _a5892241
_c5892241
100 _a20030307d1989 |||y0rusy50 ca
101 0 _arus
102 _aRU
105 _aa |||||||||
200 1 _aЭкспериментальные возможности реактора ПИК
_fА.Н. Ерыкалов, И.А. Кондуров, К.А. Коноплев и др.
210 _aЛ.
_cЛИЯФ
_d1989
215 _a24 с.
_cил.
_d20
225 1 _aПрепринт
_fАН СССР, Ленингр. ин-т ядер. физики им. Б.П. Константинова
_v376
320 _aБиблиогр.: с. 23-24 (11 назв.)
701 1 _aЕрыкалов
_bА.Н.
801 0 _aRU
_bNLR
_gpsbo
801 1 _aRU
_bELAR
_2rusmarc
852 _aNLR
_j89-4/11533
942 _cBOOK
980 _aNB